000 00893 a2200181 4500
003 Nust
005 20170207154159.0
020 _a0471843180
040 _cNust
082 _a621.3815
100 _aChen, Wai-Kai
245 _aPassive and active filters
_cWai-Kai Chen
260 _aNew York
_bWiley,
_c1986
300 _a504 p.
505 _aFundamentals of Network Synthesis (Page-1) Filter Approximation and Frequency Transformations (Page-50) Passive Filter Synthesis (Page-106) Design of Resistively Terminated Networks (Page-150) Active Filter Synthesis Fundamentals (Page-194) Sensitivity (Page-240) The Active Biquad (Page-274) Realization of Active Two-Port Networks (Page-321) Design of Broadband Matching Networks (Page-385) Theory of Passive Cascade Synthesis (Page-433) General Theory of Compatible Impedances (Page-471)
538 _aAlmirah No. 130 Shelf No.3
650 _aFilters
942 _2ddc
_cBK
999 _c194643
_d194643